| 000 | 00000nam##2200000za#4500 |
| 001 | 9.698970 |
| 003 | CaOODSP |
| 005 | 20210625000154 |
| 007 | cr ||||||||||| |
| 008 | 150407|2007||||xxc|||||o f|0| 0 eng|d |
| 040 | |aCaOODSP|beng |
| 043 | |an-cn--- |
| 086 | 1 |aCH6-17/2007E-PDF |
| 110 | 1 |aCanada. |bCanadian Heritage. |
| 245 | 10|aInternal audit of Canada's participation in the 2005 Aichi, Japan World Exposition / |h[electronic resource]|c[issued by the] Assurance Services Directorate, Corporate Review Branch. |
| 260 | |aOttawa - Ontario : |bCanadian Heritage |cMay 4, 2007. |
| 300 | |a17p. |
| 590 | |a14-06-Supp|b2014-03-21 |
| 775 | 08|tVérification interne de la participation du Canada à l'Exposition internationale de 2005, à Aichi, au Japon / |w(CaOODSP)9.642965 |
| 856 | 40|ahttp://publications.gc.ca|qPDF|s128 KB|uhttps://publications.gc.ca/collections/collection_2014/pc-ch/CH6-17-2007-eng.pdf |